| 000 | 00616nam a2200181Ia 4500 | ||
|---|---|---|---|
| 003 | LDD | ||
| 008 | 190117s9999 xx 000 0 und d | ||
| 020 |
_a9788176223942 _c₹1600 |
||
| 040 | _cLDD | ||
| 041 | _ahi | ||
| 100 | _aजाऊलकर, ए. एम. | ||
| 245 | 0 |
_aकृषि अर्थशास्त्र एव उधमिता विकास _cए. एम. जाऊलकर |
|
| 260 |
_bबायोटेक _c2017 |
||
| 300 | _axi, 268 : ill., variou | ||
| 901 | _aPBA 63 | ||
| 904 | _aReqst by : M.K. Salooja | ||
| 942 |
_2ddc _cH |
||
| 999 |
_c159023 _d159023 |
||